书目信息 |
| 题名: |
应用最优控制
|
|
| 作者: | 王子才 著 | |
| 分册: | ||
| 出版信息: | 哈尔滨 哈尔滨工业大学出版社 1989 |
|
| 页数: | 264页 | |
| 开本: | 26cm | |
| 丛书名: | ||
| 单 册: | ||
| 中图分类: | O23 | |
| 科图分类: | ||
| 主题词: | 控制论--数学理论 , 信息论--数学理论 | |
| 电子资源: | ||
| ISBN: | 7-5603-0160-6 | |
| 000 | 00551nam0 2200193 450 | |
| 001 | 0732828906 | |
| 005 | 20070903090708.90 | |
| 010 | @a7-5603-0160-6@d¥3.20 | |
| 100 | @a20070903d km y0chiy0120 ea | |
| 101 | 0 | @achi |
| 200 | 1 | @a应用最优控制@Aying yong zui you kong zhi@f王子才著@Fwang zi cai zhu |
| 210 | @a哈尔滨@c哈尔滨工业大学出版社@d1989 | |
| 215 | @a264页@d26cm | |
| 606 | 0 | @a控制论@x数学理论 |
| 606 | 0 | @a信息论@x数学理论 |
| 690 | @aO23@v3 | |
| 701 | 0 | @a王子才@Awang zi cai@4著 |
| 801 | 0 | @aCN@bPFT@c20070903 |
| 905 | @a213230@dO23@eS3@f1 | |
| 应用最优控制/王子才著.-哈尔滨:哈尔滨工业大学出版社,1989 |
| 264页;26cm |
| ISBN 7-5603-0160-6:¥3.20 |
| ● |
| 相关链接 |
|
|
|
|
正题名:应用最优控制
索取号:O23/S3
 
预约/预借
| 序号 | 登录号 | 条形码 | 馆藏地/架位号 | 状态 | 备注 |
| 1 | 6703597 | 267035978 | 密集书库-数信学院/ [索取号:O23/S3] | 在馆 |